Heat transfer (Record no. 3641)

000 -LEADER
fixed length control field 00564nam a2200229 a 4500
001 - CONTROL NUMBER
control field 3641
003 - CONTROL NUMBER IDENTIFIER
control field BD-DhUET
008 - FIXED-LENGTH DATA ELEMENTS--GENERAL INFORMATION
fixed length control field 960506s1997 nyua b 001 0 eng
020 ## - INTERNATIONAL STANDARD BOOK NUMBER
International Standard Book Number 0071143203
020 ## - INTERNATIONAL STANDARD BOOK NUMBER
International Standard Book Number 0078447852
040 ## - CATALOGING SOURCE
Original cataloging agency DLC
Transcribing agency DLC
Modifying agency BD-DhUET
082 00 - DEWEY DECIMAL CLASSIFICATION NUMBER
Classification number 621.011
Item number HOL/1997
100 1# - MAIN ENTRY--PERSONAL NAME
Personal name Holman, J. P.
245 10 - TITLE STATEMENT
Title Heat transfer
250 ## - EDITION STATEMENT
Edition statement 8th ed.
260 ## - PUBLICATION, DISTRIBUTION, ETC. (IMPRINT)
Place of publication, distribution, etc. New York
Name of publisher, distributor, etc. McGraw-Hill
Date of publication, distribution, etc. 1997
300 ## - PHYSICAL DESCRIPTION
Extent xviii, 696 p.
Other physical details ill.
490 ## - SERIES STATEMENT
Series statement Schaum's outline series
504 ## - BIBLIOGRAPHY, ETC. NOTE
Bibliography, etc Includes bibliographies
650 #0 - SUBJECT ADDED ENTRY--TOPICAL TERM
Topical term or geographic name as entry element Heat transfer
942 ## - ADDED ENTRY ELEMENTS (KOHA)
Koha item type General Book
Holdings
Shelving location Price effective from Lost status Koha out on loan Not for loan Damaged status Koha item type Piece designation (barcode) Sublocation or collection (holding branch) Date acquired Location (home branch) Withdrawn status Copy number Koha normalized classification for sorting Koha date last seen Koha date last borrowed Koha issues (times borrowed) Source of classification or shelving scheme Koha full call number
Circulation section2014-11-03 2025-05-11  General Book92450Central Library, BUET2014-11-03Central Library, BUET 1621_011000000000000_HOL_19972025-04-272025-04-273 621.011/HOL/1997
Circulation section2014-11-03    General Book92452Central Library, BUET2014-11-03Central Library, BUET 2621_011000000000000_HOL_19972014-11-03   621.011/HOL/1997
Circulation section2014-11-03    General Book92453Central Library, BUET2014-11-03Central Library, BUET 3621_000000000000000_011HOL19972016-07-30   621.011/HOL/1997
Circulation section2014-11-03    General Book92454Central Library, BUET2014-11-03Central Library, BUET 4621_000000000000000_011HOL19972022-06-082022-01-091 621.011/HOL/1997
Circulation section2014-11-03    General Book92455Central Library, BUET2014-11-03Central Library, BUET 5621_000000000000000_011HOL19972024-10-282024-10-022 621.011/HOL/1997
Circulation section2014-11-03    General Book92457Central Library, BUET2014-11-03Central Library, BUET 6621_000000000000000_011HOL19972024-08-312023-12-103 621.011/HOL/1997
Circulation section2014-11-03    General Book92459Central Library, BUET2014-11-03Central Library, BUET 7621_000000000000000_011HOL19972014-11-03   621.011/HOL/1997
Circulation section2014-11-03    General Book92460Central Library, BUET2014-11-03Central Library, BUET 8621_011000000000000_HOL_19972024-08-282024-03-121 621.011/HOL/1997
Circulation section2014-11-03    General Book92461Central Library, BUET2014-11-03Central Library, BUET 9621_000000000000000_011HOL19972024-06-222024-04-081 621.011/HOL/1997
Circulation section2014-11-03    General Book92462Central Library, BUET2014-11-03Central Library, BUET 10621_000000000000000_011HOL19972025-03-122024-12-105 621.011/HOL/1997
Circulation section2014-11-03    General Book92464Central Library, BUET2014-11-03Central Library, BUET 11621_000000000000000_011HOL19972017-05-032015-03-041 621.011/HOL/1997
Circulation section2014-11-03    General Book92465Central Library, BUET2014-11-03Central Library, BUET 12621_000000000000000_011HOL19972019-07-102019-06-173 621.011/HOL/1997
Circulation section2014-11-03    General Book92466Central Library, BUET2014-11-03Central Library, BUET 13621_000000000000000_011HOL19972022-06-082022-05-243 621.011/HOL/1997
Circulation section2015-04-12    General Book92468Central Library, BUET2015-04-12Central Library, BUET 14621_011000000000000_HOL_19972015-04-12   621.011 HOL/1997
Reading section2015-07-02    Reading Item92447Central Library, BUET2015-07-02Central Library, BUET 15621_011000000000000_HOL_19972015-07-02   621.011/HOL/1997
Reading section2015-07-09    Reading Item92446Central Library, BUET2015-07-09Central Library, BUET 16621_011000000000000_HOL_19972015-07-09   621.011/HOL/1997